| 000 | 00712nam a2200217 a 4500 | ||
|---|---|---|---|
| 005 | 20220923063843.0 | ||
| 008 | 160209s2012 mx r 000 0 spa d | ||
| 020 | _a9788497991360 | ||
| 035 | _aUPN01000208051 | ||
| 049 | _aCG | ||
| 050 | 4 |
_aBF637 S4 _bF8.2 |
|
| 100 | 1 |
_aFusier, Florent _938364 |
|
| 245 | 1 | 3 |
_aEl arte de dominar su vida : _bsus límites son sus mayores fortalezas / _cFlorent Fusier ; tr. Montserrat Asensio. |
| 260 |
_aBarcelona, Esp. : _bMedici, _c2012. |
||
| 300 |
_a213 p. : _bil. |
||
| 534 |
_pTraducción de: _tL´art de maítriser sa vie |
||
| 650 | 4 |
_aAUTORREALIZACION (PSICOLOGIA) _94106 |
|
| 650 | 0 |
_aProgramación neurolingüística _95397 |
|
| 905 | _aLibro | ||
| 999 |
_c180152 _d180152 |
||